Diccionario de geología / (Record no. 134560)

MARC details
000 -LEADER
campo de control de longitud fija 01071nam a22003131i 4500
001 - NÚMERO DE CONTROL
campo de control 134560
003 - IDENTIFICADOR DE NÚMERO DE CONTROL
campo de control ES-MaACL
005 - FECHA Y HORA DE LA ÚLTIMA TRANSACCIÓN
campo de control 20230906194711.0
007 - CAMPO FIJO DE DESCRIPCIÓN FÍSICA--INFORMACIÓN GENERAL
campo de control de longitud fija t|
008 - DATOS DE LONGITUD FIJA--INFORMACIÓN GENERAL
campo de control de longitud fija 070911s1980 sp ||||0| spa d
016 7# - NÚMERO DE CONTROL DE UNA AGENCIA BIBLIOGRÁFICA NACIONAL
Número de control cancelado/no válido IBH8100917652
020 ## - NÚMERO INTERNACIONAL ESTÁNDAR DEL LIBRO
Número Internacional Estándar del Libro 84-206-5217-2
080 ## - NÚMERO DE LA CLASIFICACIÓN DECIMAL UNIVERSAL
Número de la Clasificación Decimal Universal 55(03)
100 1# - ENTRADA PRINCIPAL--NOMBRE DE PERSONA
Nombre de persona Whitten, D. G. A.
9 (RLIN) 116718
245 10 - MENCIÓN DEL TÍTULO
Título Diccionario de geología /
Mención de responsabilidad, etc. D.G.A. Whitten y J.R.V. Brooks ; revisión técnica, J. A. Martínez Alvarez y M. Gutiérrez Claverol ; versión [del inglés] Juan José Ruiz Olavide.
260 ## - PUBLICACIÓN, DISTRIBUCIÓN, ETC.
Lugar de publicación, distribución, etc. Madrid :
Nombre del editor, distribuidor, etc. Alianza Editorial,
Fecha de publicación, distribución, etc. [1980]
300 ## - DESCRIPCIÓN FÍSICA
Extensión 343 p. ;
Dimensiones 24 cm.
490 1# - MENCIÓN DE SERIE
Mención de serie Alianza diccionarios
504 ## - NOTA DE BIBLIOGRAFÍA, ETC.
Nota de bibliografía, etc. Bibliografía: p. 341-343.
650 14 - PUNTO DE ACCESO ADICIONAL DE MATERIA--TÉRMINO DE MATERIA
Término de materia o nombre geográfico como elemento de entrada Geología-
Subdivisión de forma Diccionarios.
9 (RLIN) 13088
700 1# - ENTRADA AGREGADA--NOMBRE PERSONAL
Nombre de persona Brooks, J. R. V.
9 (RLIN) 31916
700 1# - ENTRADA AGREGADA--NOMBRE PERSONAL
Nombre de persona Martínez Alvarez, J. A.
9 (RLIN) 77849
700 1# - ENTRADA AGREGADA--NOMBRE PERSONAL
Nombre de persona Gutiérrez Claverol, Manuel.
9 (RLIN) 61105
700 1# - ENTRADA AGREGADA--NOMBRE PERSONAL
Nombre de persona Ruiz Olavide, Juan José.
9 (RLIN) 100889
830 0# - PUNTO DE ACCESO ADICIONAL DE SERIE-TÍTULO UNIFORME
Título uniforme Alianza diccionarios
9 (RLIN) 177801
852 ## - LOCALIZACIÓN
Ubicación ES-MaACL
Número de control de estantería L-6900
Sublocalización o colección R.106886
852 ## - LOCALIZACIÓN
Ubicación ES-MaACL
Número de control de estantería L-563
Holdings
Estatus retirado Estado de pérdida Estado de daño No para préstamo Colección Biblioteca de origen Biblioteca actual Ubicación en estantería Fecha de adquisición Fuente de adquisición Total de préstamos Signatura topográfica completa Código de barras Visto por última vez Precio de reemplazo Tipo de ítem Koha
        Colección de referencia Biblioteca del Ateneo de Madrid Biblioteca del Ateneo de Madrid Depósito 2 27/01/2015     L-563 1193470 23/02/2023 23/02/2023 Libro impreso
        Colección de referencia Biblioteca del Ateneo de Madrid Biblioteca del Ateneo de Madrid Depósito 2 17/01/2008     L-6900 1140060 23/02/2023 23/02/2023 Libro impreso